header

Girls, delinquency, and juvenile justice / (Record no. 266138)

MARC details
000 -LEADER
fixed length control field 01368cam a2200385 a 4500
001 - CONTROL NUMBER
control field 707383
003 - CONTROL NUMBER IDENTIFIER
control field OSt
005 - DATE AND TIME OF LATEST TRANSACTION
control field 20260408120549.0
008 - FIXED-LENGTH DATA ELEMENTS--GENERAL INFORMATION
fixed length control field 970224s1998 cau b 001 0 eng
010 ## - LIBRARY OF CONGRESS CONTROL NUMBER
LC control number 97007428
020 ## - INTERNATIONAL STANDARD BOOK NUMBER
International Standard Book Number 0534264786
Qualifying information alk. paper
International Standard Book Number 9780534264789
Qualifying information (alk. paper)
035 ## - SYSTEM CONTROL NUMBER
System control number 707383
040 ## - CATALOGING SOURCE
Original cataloging agency DLC
Transcribing agency DLC
Modifying agency DLC
043 ## - GEOGRAPHIC AREA CODE
Geographic area code n-us---
050 00 - LIBRARY OF CONGRESS CALL NUMBER
Classification number HV9104
Item number .C39 1998
082 00 - DEWEY DECIMAL CLASSIFICATION NUMBER
Classification number 364.36/082
Edition number 21
100 1# - MAIN ENTRY--PERSONAL NAME
Personal name Chesney-Lind, Meda.
245 10 - TITLE STATEMENT
Title Girls, delinquency, and juvenile justice /
Statement of responsibility, etc Meda Chesney-Lind, Randall G. Shelden.
250 ## - EDITION STATEMENT
Edition statement 2nd ed.
260 ## - PUBLICATION, DISTRIBUTION, ETC. (IMPRINT)
Place of publication, distribution, etc Belmont, CA :
Name of publisher, distributor, etc West/Wadsworth,
Date of publication, distribution, etc c1998.
300 ## - PHYSICAL DESCRIPTION
Extent xxi, 272 p. ;
Dimensions 24 cm.
336 ## - CONTENT TYPE
Content type term text
Content type code txt
Source rdacontent
337 ## - MEDIA TYPE
Media type term unmediated
Media type code n
Source rdamedia
338 ## - CARRIER TYPE
Carrier type term volume
Carrier type code nc
Source rdacarrier
440 #0 - SERIES STATEMENT/ADDED ENTRY--TITLE
Title Contemporary issues in crime and justice series
504 ## - BIBLIOGRAPHY, ETC. NOTE
Bibliography, etc Includes bibliographical references (p. 245-260) and indexes.
650 #0 - SUBJECT ADDED ENTRY--TOPICAL TERM
Topical term or geographic name as entry element Female juvenile delinquents
Geographic subdivision United States.
Topical term or geographic name as entry element Juvenile justice, Administration of
Geographic subdivision United States.
700 1# - ADDED ENTRY--PERSONAL NAME
Personal name Shelden, Randall G.,
Dates associated with a name 1943-
906 ## - LOCAL DATA ELEMENT F, LDF (RLIN)
a 7
b cbc
c orignew
d 1
e ocip
f 19
g y-gencatlg
942 ## - ADDED ENTRY ELEMENTS (KOHA)
Source of classification or shelving scheme Library of Congress Classification
Koha item type Long Loan Books
Holdings
Withdrawn status Lost status Source of classification or shelving scheme Damaged status Not for loan Collection code Home library Current library Shelving location Date acquired Source of acquisition Total Checkouts Full call number Barcode Date last seen Price effective from Koha item type
    Library of Congress Classification     Non-fiction Rongo University Library Rongo University Library General Stacks 08/04/2026 Books for Africa, Donation   HV9104 .C39 1998 20261589 08/04/2026 08/04/2026 Long Loan Books

© 2026 Rongo University
Contact us: librarian | system librarian | Rongo university